000 00617nam a2200205 i 4500
001 142946
003 ES-MaACL
005 20230906200653.0
007 t|
008 071011s1977 sp a c |||| | spa d
080 _a332.51(460)(085)
110 2 _aJose A. Vicenti (Firma)
_9144063
245 1 0 _aEspaña, 1783-1977
_b: catálogo de billetes /
_cJosé A. Vicenti.
250 _a9ª ed.
260 _aMadrid :
_bJosé A. Vicenti,
_c1977.
300 _a95 p. :
_bil. ;
_c24 cm.
650 4 _aBilletes de banco-
_zEspaña-
_vCatálogos.
_9166458
650 0 4 _aMonedas-
_zEspaña.
_915159
852 _aES-MaACL
_jA-7555
999 _c142946
_d142946